[Event "European Blitz-ch 2018"]
[Site "Skopje"]
[Date "2018.12.07"]
[Round "21"]
[White "Ruck, Robert"]
[Black "Tejedor Fuente, Enrique"]
[Result "0-1"]
[WhiteElo "2512"]
[BlackElo "2428"]
[Annotator "TA"]
[PlyCount "84"]
[EventDate "2018.12.06"]
[EventType "swiss"]
[EventCountry "MKD"]

1. Nf3 d5 2. d4 Nf6 3. c4 c6 4. Nc3 dxc4 5. a4 Bf5 6. Ne5 Nbd7 7. Nxc4 e6 8. Bf4 Nb6 9. Ne5 Be7 10. e3 Nbd5 11. Bc4 Nxf4 12. exf4 Qb6 13. O-O Rd8 14. Ne2 O-O 15. Qb3 Qxb3 16. Bxb3 c5 17. Rfd1 h6 18. Rac1 Rc8 19. Bc2 Bxc2 20. Rxc2 cxd4 21. Rxc8 Rxc8 22. Nxd4 Rd8 23. Kf1 Bc5 24. Nef3 Nd5 25. g3 Nb6 26. b3 Nd5 27. Nc2 Rc8 28. Rd2 Bb6 29. Ne5 Ba5 30. Re2 Nc3 31. Re3 Bb6 32. Rf3 Ne4 33. Nc4 a6 34. Ne1 Ba7 35. Nd3 b5 36. axb5 axb5 37. Na3 Nd2+ 38. Ke2 Nxf3 39. Kxf3 Rc3 40. Ke2 Rxb3 41. Nc2 Kf8 42. Ne5 Bxf2 0-1

[Event "European Blitz-ch 2018"]
[Site "Skopje"]
[Date "2018.12.07"]
[Round "21"]
[White "Van Foreest, Lucas"]
[Black "Blohberger, Felix"]
[Result "1-0"]
[WhiteElo "2500"]
[BlackElo "2447"]
[Annotator "TA"]
[PlyCount "79"]
[EventDate "2018.12.06"]
[EventType "swiss"]
[EventCountry "MKD"]

1. e4 c5 2. Nf3 d6 3. d4 cxd4 4. Nxd4 Nf6 5. Nc3 a6 6. g3 e6 7. Bg2 Be7 8. O-O O-O 9. Be3 Qc7 10. f4 Nc6 11. Nb3 Bd7 12. g4 Rfd8 13. g5 Ne8 14. Qh5 g6 15. Qh6 Bf8 16. Qh4 Na5 17. f5 Nc4 18. Bd4 Ne5 19. a4 b5 20. a5 Rdc8 21. fxg6 hxg6 22. Rf4 Ng7 23. Raf1 Be8 24. R4f2 b4 25. Nd1 Rab8 26. Ne3 Qe7 27. Bxe5 dxe5 28. Rf3 Nh5 29. Ng4 Bg7 30. Nf6+ Bxf6 31. gxf6 Qa7+ 32. Kh1 Rxc2 33. Rg3 Kh7 34. Bf3 Qe3 35. Bxh5 Qh6 36. Qg4 Rxb2 37. Nc5 Rd8 38. Bxg6+ Qxg6 39. Qh4+ Qh6 40. Rg7+ 1-0

[Event "European Blitz-ch 2018"]
[Site "Skopje"]
[Date "2018.12.07"]
[Round "21"]
[White "Ivic, Velimir"]
[Black "Erdos, Viktor"]
[Result "1-0"]
[WhiteElo "2497"]
[BlackElo "2605"]
[Annotator "TA"]
[PlyCount "91"]
[EventDate "2018.12.06"]
[EventType "swiss"]
[EventCountry "MKD"]

1. e4 e5 2. Nf3 Nc6 3. Bb5 a6 4. Ba4 Nf6 5. O-O Be7 6. d3 d6 7. c3 O-O 8. Re1 Re8 9. Nbd2 Bf8 10. Nf1 h6 11. Ng3 b5 12. Bc2 d5 13. a4 Rb8 14. axb5 axb5 15. exd5 Qxd5 16. Bb3 Qd6 17. Ne4 Nxe4 18. dxe4 Be6 19. Bxe6 Qxe6 20. Ra6 Ra8 21. Rxa8 Rxa8 22. Qd5 Qxd5 23. exd5 Ne7 24. Nxe5 Nxd5 25. Kf1 Bd6 26. g3 f6 27. Nc6 Kf7 28. Rd1 Nb6 29. Nd4 b4 30. Nb5 bxc3 31. Nxd6+ cxd6 32. bxc3 Ra1 33. Ke2 Nc4 34. Rd4 d5 35. Bd2 h5 36. Rxd5 h4 37. gxh4 Rh1 38. Bf4 Ke6 39. Rd4 Na5 40. h5 Nb3 41. Rb4 Nc5 42. Rb5 Ne4 43. Rb6+ Kf5 44. Bg3 Nxc3+ 45. Kf3 Ne4 46. Rb5+ 1-0

[Event "European Blitz-ch 2018"]
[Site "Skopje"]
[Date "2018.12.07"]
[Round "21"]
[White "Damljanovic, Branko"]
[Black "Anton Guijarro, David"]
[Result "0-1"]
[WhiteElo "2495"]
[BlackElo "2642"]
[Annotator "TA"]
[PlyCount "59"]
[EventDate "2018.12.06"]
[EventType "swiss"]
[EventCountry "MKD"]

1. Nf3 e6 2. g3 b5 3. Bg2 Bb7 4. b3 Nf6 5. c4 a6 6. O-O Be7 7. Nc3 b4 8. Na4 O-O 9. Bb2 d6 10. d4 Nbd7 11. d5 exd5 12. Nh4 c5 13. Nf5 Re8 14. cxd5 Bf8 15. Qd2 h6 16. Rfe1 Ne5 17. f4 Ng6 18. e4 Bc8 19. Rad1 Bd7 20. h3 a5 21. Kh2 c4 22. Bd4 c3 23. Qd3 Bxa4 24. bxa4 Rc8 25. Re2 h5 26. Rg1 Nd7 27. h4 Nc5 28. Qc2 Ne7 29. Ne3 g6 30. f5 0-1

[Event "European Blitz-ch 2018"]
[Site "Skopje"]
[Date "2018.12.07"]
[Round "21"]
[White "Milanovic, Danilo"]
[Black "Salgado Lopez, Ivan"]
[Result "0-1"]
[WhiteElo "2494"]
[BlackElo "2629"]
[Annotator "TA"]
[PlyCount "162"]
[EventDate "2018.12.06"]
[EventType "swiss"]
[EventCountry "MKD"]

1. d4 Nf6 2. Bf4 g6 3. e3 Bg7 4. h3 O-O 5. Nf3 b6 6. Be2 Bb7 7. O-O d6 8. Bh2 Nbd7 9. a4 a6 10. c4 c5 11. a5 cxd4 12. exd4 b5 13. cxb5 axb5 14. b4 Nd5 15. Qb3 Bc6 16. Na3 N7f6 17. Rac1 Qd7 18. Rc2 Rab8 19. Rfc1 Ba8 20. Nd2 Ne8 21. Bf3 Nec7 22. Qb2 Na6 23. Bxd5 Bxd5 24. Nf1 Bh6 25. Ne3 Bxe3 26. fxe3 Be4 27. Rc3 Rb7 28. Nb1 Rbb8 29. Nd2 Ba8 30. Qb3 Rbc8 31. Bf4 Rxc3 32. Qxc3 Bb7 33. Nb1 Rc8 34. Qb2 Rxc1+ 35. Qxc1 Nxb4 36. Nc3 Nd3 37. Qb1 Nxf4 38. exf4 Qc6 39. Qb2 b4 40. Na2 b3 41. Nc1 Qa4 42. Nxb3 Bd5 43. Nd2 Qxa5 44. Kf2 Qa4 45. Qc3 Qd1 46. Nf1 Qb1 47. Ne3 Qe4 48. Kg3 h5 49. h4 Be6 50. Qd2 d5 51. Qc3 Qb1 52. Kf2 Qh1 53. g3 Qh2+ 54. Kf3 Qh1+ 55. Kf2 Bh3 56. Qc5 Bg4 57. Nxg4 hxg4 58. Qc3 Qh2+ 59. Kf1 Qh1+ 60. Kf2 f6 61. Qe3 Kf7 62. Qc3 Qe4 63. Kf1 Qf5 64. Ke2 Qe4+ 65. Kf2 Qh1 66. Qb3 Ke6 67. Qc3 Qh2+ 68. Kf1 Qh1+ 69. Kf2 Qe4 70. Qc8+ Kf7 71. Qc3 Qf5 72. Ke2 g5 73. fxg5 fxg5 74. h5 Kg7 75. Qe3 e6 76. Qc3 Kh6 77. Qc5 Kxh5 78. Qa7 Kg6 79. Qa3 Qe4+ 80. Kf1 Qxd4 81. Qf8 Qf6+ 0-1

[Event "European Blitz-ch 2018"]
[Site "Skopje"]
[Date "2018.12.07"]
[Round "21"]
[White "Zajic, Milan"]
[Black "Pershin, Denis"]
[Result "1/2-1/2"]
[WhiteElo "2488"]
[BlackElo "2400"]
[Annotator "RC"]
[PlyCount "185"]
[EventDate "2018.12.06"]
[EventType "swiss"]
[EventCountry "MKD"]

1. e4 c6 2. d4 d5 3. Nd2 dxe4 4. Nxe4 Bf5 5. Ng3 Bg6 6. Nf3 Nd7 7. h4 h6 8. h5 Bh7 9. Bd3 Bxd3 10. Qxd3 e6 11. Bd2 Ngf6 12. O-O-O Be7 13. Kb1 O-O 14. Ne4 c5 15. g4 Nxg4 16. Rhg1 f5 17. Qb3 Qb6 18. Qxb6 axb6 19. Nc3 Nxf2 20. Rde1 Kf7 21. d5 exd5 22. Nxd5 Bf6 23. Nc7 Rac8 24. Nb5 Ne4 25. Bf4 Rfe8 26. Rd1 Nf8 27. Bc7 Re6 28. a3 Rc6 29. Bh2 Re8 30. Nc7 Re7 31. Nd5 Rd7 32. c4 Ne6 33. Be5 N6g5 34. Bxf6 gxf6 35. Nh4 Ke6 36. Nf4+ Ke7 37. Nxf5+ Kd8 38. Rxd7+ Kxd7 39. Nxh6 Rc8 40. Nf5 Rh8 41. Ka2 Ke8 42. Rd1 Rh7 43. h6 Rd7 44. Rh1 Kf8 45. Ng6+ Kg8 46. Nge7+ Kh7 47. Nd5 Rf7 48. Nxb6 Nd2 49. Rd1 Nge4 50. Nd5 Nxc4 51. Nf4 Ne5 52. Rd8 Ng5 53. Rc8 Ng6 54. Nxg6 Kxg6 55. Nd6 Rd7 56. Nc4 b5 57. Na5 Ra7 58. Nc6 Rd7 59. Nb8 Rb7 60. Na6 c4 61. Nc5 Re7 62. Rb8 f5 63. Rb6+ Kh5 64. Rf6 Re5 65. Nd7 Rd5 66. Nf8 Rd8 67. h7 Nxh7 68. Nxh7 Kg4 69. Rb6 f4 70. Rxb5 f3 71. Rg5+ Kf4 72. Rg7 Rd5 73. Nf6 Rf5 74. Rg4+ Ke3 75. Ne4 Re5 76. Nc3 Kd3 77. Rf4 Ke3 78. Rf8 Re7 79. a4 Rb7 80. Re8+ Kf4 81. Rf8+ Ke3 82. Re8+ Kf4 83. Nd5+ Kg3 84. Nc3 f2 85. Ne4+ Kf3 86. Nd2+ Kg2 87. Rg8+ Kh3 88. Rf8 Kg2 89. Rg8+ Kh3 90. Rh8+ Kg2 91. Rg8+ Kh3 92. Rh8+ Kg2 93. Rg8+ 1/2-1/2

[Event "European Blitz-ch 2018"]
[Site "Skopje"]
[Date "2018.12.07"]
[Round "21"]
[White "Beerdsen, Thomas"]
[Black "Petkidis, Anthony"]
[Result "1-0"]
[WhiteElo "2477"]
[BlackElo "2375"]
[Annotator "TA"]
[PlyCount "69"]
[EventDate "2018.12.06"]
[EventType "swiss"]
[EventCountry "MKD"]

1. e4 e5 2. Nf3 Nc6 3. d4 exd4 4. Nxd4 Bc5 5. Be3 Qf6 6. c3 Nge7 7. Bb5 Bb6 8. O-O O-O 9. a4 d5 10. Bxc6 bxc6 11. a5 Bc5 12. Nd2 Ba6 13. Re1 Ng6 14. Qa4 Rab8 15. b4 Bb5 16. Qc2 Bd6 17. exd5 cxd5 18. Nxb5 Rxb5 19. Bxa7 Nh4 20. Re3 Qg5 21. g3 Nf5 22. Re2 c5 23. Qd3 c4 24. Qf3 g6 25. Nf1 d4 26. Qc6 Re5 27. Qxc4 Rxe2 28. Qxe2 dxc3 29. b5 Bb4 30. Ne3 Nxe3 31. Bxe3 Qd5 32. a6 Rc8 33. b6 c2 34. b7 Rb8 35. Qxc2 1-0

[Event "European Blitz-ch 2018"]
[Site "Skopje"]
[Date "2018.12.07"]
[Round "21"]
[White "Jenni, Florian"]
[Black "Demchenko, Anton"]
[Result "1-0"]
[WhiteElo "2454"]
[BlackElo "2679"]
[Annotator "TA"]
[PlyCount "113"]
[EventDate "2018.12.06"]
[EventType "swiss"]
[EventCountry "MKD"]

1. e4 c5 2. Nf3 Nc6 3. Bb5 Nf6 4. Bxc6 dxc6 5. d3 Qc7 6. Bg5 h6 7. Bh4 Nh5 8. Bg3 Nxg3 9. hxg3 g6 10. Qe2 Bg7 11. e5 Bg4 12. Nbd2 O-O-O 13. Qe3 Rd5 14. c4 Rd7 15. Qxc5 Rxd3 16. Qxa7 Bxe5 17. O-O Bg7 18. Rfe1 Rhd8 19. Nb3 Bxf3 20. gxf3 Rxf3 21. Rad1 Rfd3 22. Qa8+ Qb8 23. Qxb8+ Kxb8 24. Rxd3 Rxd3 25. Rxe7 Bxb2 26. Rxf7 Ba3 27. Na5 Rc3 28. Rxb7+ Kc8 29. Rb3 Rc1+ 30. Kg2 Bd6 31. Nxc6 Rxc4 32. Na7+ Kd7 33. Nb5 Be5 34. Rd3+ Ke6 35. a3 Rc1 36. Nd4+ Kf6 37. Rf3+ Kg7 38. Ne6+ Kh7 39. Rf7+ Kg8 40. Rb7 Ra1 41. Ra7 Ra2 42. Kf3 h5 43. Ke4 Bb2 44. a4 Bf6 45. f4 Ra3 46. a5 Rxg3 47. a6 Ra3 48. Ra8+ Kf7 49. Ng5+ Ke7 50. a7 Ra4+ 51. Kd5 Bxg5 52. fxg5 Kf7 53. Rh8 Ra5+ 54. Kc4 Rxa7 55. Rh7+ Ke6 56. Rxa7 Kf5 57. Kd3 1-0

[Event "European Blitz-ch 2018"]
[Site "Skopje"]
[Date "2018.12.07"]
[Round "21"]
[White "Jirovsky, Milos"]
[Black "Timmermans, Mark"]
[Result "0-1"]
[WhiteElo "2448"]
[BlackElo "2375"]
[Annotator "TA"]
[PlyCount "104"]
[EventDate "2018.12.06"]
[EventType "swiss"]
[EventCountry "MKD"]

1. Nf3 Nf6 2. c4 e6 3. g3 d5 4. Bg2 Be7 5. O-O O-O 6. Qc2 c5 7. cxd5 Nxd5 8. d3 Nc6 9. Nc3 b6 10. Nxd5 exd5 11. a3 Bb7 12. Bf4 Bd6 13. Bd2 Re8 14. e3 Qd7 15. Rac1 Rac8 16. Rfd1 d4 17. e4 Ba6 18. b3 b5 19. h4 Rc7 20. Kh2 Qe7 21. Bg5 f6 22. Bd2 Bc8 23. a4 a6 24. axb5 axb5 25. Bh3 Bxh3 26. Kxh3 Ra8 27. Ra1 Rca7 28. Rxa7 Rxa7 29. Kg2 Qb7 30. Rc1 Qa8 31. b4 Nxb4 32. Bxb4 cxb4 33. Nxd4 Ra2 34. Qb3+ Kh8 35. Nxb5 Bf8 36. Qf7 Ra5 37. Nc7 Ra7 38. Nxa8 Rxf7 39. Rc8 h5 40. Rb8 Kh7 41. Nb6 Bd6 42. Ra8 Rb7 43. Nc4 Bc5 44. Ra1 Bd4 45. Rb1 Bc3 46. Kf3 Ra7 47. Ke3 Ra2 48. d4 Rc2 49. d5 Be1 50. Kd3 Rc3+ 51. Kd4 Bxf2+ 52. Ne3 Bxe3# 0-1

[Event "European Blitz-ch 2018"]
[Site "Skopje"]
[Date "2018.12.07"]
[Round "21"]
[White "Markoja, Boris"]
[Black "Jovanovic, Zoran"]
[Result "1/2-1/2"]
[WhiteElo "2430"]
[BlackElo "2518"]
[Annotator "TA"]
[PlyCount "117"]
[EventDate "2018.12.06"]
[EventType "swiss"]
[EventCountry "MKD"]

1. d4 d6 2. Nf3 g6 3. g3 Bg7 4. Bg2 Nc6 5. O-O e5 6. dxe5 dxe5 7. Nc3 Bd7 8. e4 Nge7 9. Be3 O-O 10. Nd5 Nxd5 11. Qxd5 Be6 12. Qb5 Qc8 13. Rfd1 Bg4 14. c3 h6 15. h3 a6 16. Qb3 Be6 17. c4 b5 18. Qc2 bxc4 19. Kh2 Qb7 20. Bf1 Nb4 21. Qc3 Nd3 22. Nd2 Qxb2 23. Qxb2 Nxb2 24. Rdc1 Rfd8 25. Nxc4 Nd3 26. Rc3 Nb4 27. Na5 Nxa2 28. Rxc7 Nb4 29. Nc6 Nxc6 30. Rxc6 Rdc8 31. Raxa6 Rxa6 32. Rxa6 Rc2 33. Ra8+ Kh7 34. Ra1 Rb2 35. Bg2 Bf8 36. Kg1 Rc2 37. h4 Bc5 38. Re1 Kg7 39. Rc1 Rxc1+ 40. Bxc1 f5 41. Bf3 Bd7 42. Kg2 Bc6 43. exf5 e4 44. Bb2+ Kg8 45. Be2 gxf5 46. Kf1 Kf7 47. Bc4+ Kg6 48. Be2 f4 49. gxf4 Kf5 50. Bc1 Be7 51. h5 Bd6 52. Be3 Bxf4 53. Bd4 Kg5 54. Bc5 Be5 55. Be7+ Bf6 56. Bc5 Bd7 57. Be3+ Kh4 58. Bxh6 Bg4 59. Be3 1/2-1/2

[Event "European Blitz-ch 2018"]
[Site "Skopje"]
[Date "2018.12.07"]
[Round "21"]
[White "Tsolakidou, Stavroula"]
[Black "Delchev, Aleksander"]
[Result "0-1"]
[WhiteElo "2387"]
[BlackElo "2552"]
[Annotator "TA"]
[PlyCount "106"]
[EventDate "2018.12.06"]
[EventType "swiss"]
[EventCountry "MKD"]

1. d4 Nf6 2. c4 e6 3. g3 Bb4+ 4. Bd2 Qe7 5. Bg2 Nc6 6. e3 e5 7. d5 Nb8 8. Ne2 O-O 9. Nbc3 a5 10. h3 d6 11. Qc2 c6 12. a3 Bxc3 13. Nxc3 cxd5 14. cxd5 Bd7 15. O-O Na6 16. Rab1 Nc5 17. b4 axb4 18. axb4 Na4 19. b5 Rfc8 20. Rfc1 Qe8 21. Qb3 Nc5 22. Qc2 e4 23. Bf1 Nd3 24. Bxd3 exd3 25. Qxd3 Bxh3 26. Ra1 Nd7 27. Qe4 Ne5 28. f4 Rxa1 29. Rxa1 Nc4 30. Qxe8+ Rxe8 31. Bc1 h5 32. Kf2 Bf5 33. Ra7 Re7 34. Ra4 Bd3 35. Ra8+ Kh7 36. Rc8 Nb6 37. Rd8 Rc7 38. Bd2 Nc4 39. Ke1 Re7 40. Rc8 Nxe3 41. Bxe3 Rxe3+ 42. Kd2 Rxg3 43. Rc7 h4 44. Ne2 Bxe2 45. Kxe2 h3 46. Kf2 Rg2+ 47. Kf3 Rb2 48. Kg3 h2 49. Rc1 Kg6 50. Rd1 Kf5 51. Rh1 Ke4 52. Rxh2 Rxh2 53. Kxh2 Kxf4 0-1

[Event "European Blitz-ch 2018"]
[Site "Skopje"]
[Date "2018.12.07"]
[Round "21"]
[White "Zlatanovic, Boroljub"]
[Black "Nenezic, Marko"]
[Result "1/2-1/2"]
[WhiteElo "2376"]
[BlackElo "2515"]
[Annotator "TA"]
[PlyCount "78"]
[EventDate "2018.12.06"]
[EventType "swiss"]
[EventCountry "MKD"]

1. e4 c5 2. g3 d5 3. exd5 Qxd5 4. Nf3 Nc6 5. Bg2 Bg4 6. h3 Qe6+ 7. Kf1 Bh5 8. d3 Qd7 9. Be3 e5 10. Nbd2 f5 11. Nc4 e4 12. Nfe5 Bxd1 13. Nxd7 Bxc2 14. Nde5 Nxe5 15. Nxe5 Bd6 16. Rc1 exd3 17. Nc4 O-O-O 18. Na3 Kb8 19. Nxc2 dxc2 20. Rxc2 Nf6 21. Ke2 b6 22. Rd1 Bc7 23. Rcd2 Rxd2+ 24. Rxd2 Rd8 25. Rxd8+ Bxd8 26. Bg5 Kc7 27. Bxf6 Bxf6 28. b3 Kd6 29. Kd3 Bd4 30. f4 Ke6 31. g4 Bg1 32. Bb7 fxg4 33. hxg4 Kf6 34. Ke4 h6 35. Bc6 g6 36. Be8 Bh2 37. a4 a6 38. Kf3 Bg1 39. Ke4 Bh2 1/2-1/2

[Event "European Blitz-ch 2018"]
[Site "Skopje"]
[Date "2018.12.07"]
[Round "21"]
[White "Djuric, Stefan"]
[Black "Blagojevic, Dragisa"]
[Result "1-0"]
[WhiteElo "2371"]
[BlackElo "2497"]
[Annotator "TA"]
[PlyCount "65"]
[EventDate "2018.12.06"]
[EventType "swiss"]
[EventCountry "MKD"]

1. e4 e5 2. Nf3 Nc6 3. Bb5 a6 4. Ba4 Nf6 5. d4 exd4 6. O-O Be7 7. Re1 b5 8. Bb3 d6 9. Bd5 Nxd5 10. exd5 Ne5 11. Nxd4 O-O 12. h3 Bf6 13. Nc3 Bb7 14. a3 Re8 15. b3 Ng6 16. Be3 Qd7 17. Qd2 Re7 18. f3 Rae8 19. Bf2 Rxe1+ 20. Rxe1 Rxe1+ 21. Qxe1 Ne7 22. Qe4 g6 23. f4 c5 24. dxc6 Nxc6 25. Qd3 Ne7 26. g4 Bxd4 27. Bxd4 Qc6 28. Qg3 Nd5 29. Kf2 Nxc3 30. Qxc3 Qg2+ 31. Ke1 Qd2+ 32. Kxd2 Bc6 33. Qe3 1-0

[Event "European Blitz-ch 2018"]
[Site "Skopje"]
[Date "2018.12.07"]
[Round "21"]
[White "Putka, Verners"]
[Black "Stefanova, Antoaneta"]
[Result "1-0"]
[WhiteElo "2307"]
[BlackElo "2486"]
[Annotator "TA"]
[PlyCount "185"]
[EventDate "2018.12.06"]
[EventType "swiss"]
[EventCountry "MKD"]

1. d4 d5 2. Nf3 Nf6 3. g3 c6 4. Bg2 h6 5. O-O Bf5 6. c4 e6 7. Nc3 Nbd7 8. Nd2 Be7 9. e4 dxe4 10. Ndxe4 Nxe4 11. Nxe4 O-O 12. Be3 Nf6 13. Nc3 Qc7 14. Qe2 a5 15. a3 Rfe8 16. Rac1 Bf8 17. Rfd1 Qe7 18. h3 Rad8 19. Kh2 Bg6 20. Re1 Qd7 21. Rcd1 Qc8 22. Bf4 Bd6 23. Be5 Bh5 24. Bf3 Bxf3 25. Qxf3 Nh7 26. Ne4 Ng5 27. Nxg5 hxg5 28. Bxd6 Rxd6 29. Re5 Qd8 30. Qe3 f6 31. Re4 Re7 32. c5 Rd5 33. Rxe6 Rxe6 34. Qxe6+ Kf8 35. Kg1 Rxc5 36. dxc5 Qxd1+ 37. Kh2 Qd8 38. b4 axb4 39. axb4 Qe7 40. Qf5 Kf7 41. Qc8 Kg6 42. Qg4 Qe1 43. Kg2 Qe5 44. Kg1 f5 45. Qc4 Qe1+ 46. Kg2 Qe5 47. Qd3 Kf6 48. Qd8+ Kg6 49. Qd7 Qe4+ 50. Kg1 Qe1+ 51. Kg2 Qe4+ 52. Kg1 f4 53. g4 f3 54. Qd6+ Kh7 55. Qd2 Kh6 56. Qc3 Qe2 57. Qd4 Qe1+ 58. Kh2 Qf1 59. Qd6+ Kh7 60. Qg3 Qe2 61. h4 gxh4 62. Qxh4+ Kg6 63. Qh5+ Kf6 64. Qf5+ Ke7 65. Kg3 Qd2 66. Qe4+ Kf6 67. Kxf3 g5 68. Kg3 Kf7 69. Qf5+ Ke7 70. Qe5+ Kf7 71. Kg2 Kg6 72. Qe6+ Kg7 73. Qe7+ Kg6 74. Qxb7 Qd5+ 75. Kg1 Qd1+ 76. Kh2 Qxg4 77. Qxc6+ Kh5 78. Qe8+ Kh6 79. c6 Qh4+ 80. Kg1 Qg4+ 81. Kf1 Qd1+ 82. Qe1 Qd3+ 83. Qe2 Qb1+ 84. Kg2 Qxb4 85. Qe6+ Kh5 86. Qd5 Qg4+ 87. Kf1 Qh3+ 88. Ke2 Kh4 89. Qe4+ g4 90. Qh7+ Kg5 91. Qxh3 gxh3 92. Kf1 h2 93. Kg2 1-0

[Event "European Blitz-ch 2018"]
[Site "Skopje"]
[Date "2018.12.07"]
[Round "21"]
[White "Bartel, Michal"]
[Black "Jankovic, Alojzije"]
[Result "1/2-1/2"]
[WhiteElo "2306"]
[BlackElo "2557"]
[Annotator "TA"]
[PlyCount "84"]
[EventDate "2018.12.06"]
[EventType "swiss"]
[EventCountry "MKD"]

1. e4 c5 2. Ne2 Nf6 3. Nbc3 d5 4. exd5 Nxd5 5. Nxd5 Qxd5 6. Nc3 Qe5+ 7. Qe2 Qxe2+ 8. Bxe2 Nc6 9. d3 Nd4 10. Bd1 Bd7 11. O-O e6 12. Re1 Be7 13. Ne2 Bf6 14. Nf4 O-O 15. Be3 Rfc8 16. c3 Nf5 17. Bd2 Rd8 18. Bb3 Bg5 19. Rad1 g6 20. Ne2 Bxd2 21. Rxd2 Bc6 22. Red1 b5 23. d4 c4 24. Bc2 a5 25. Nf4 Ne7 26. h4 b4 27. Re1 Rab8 28. Rde2 Nd5 29. Nxd5 Bxd5 30. Ba4 h5 31. f3 Rb6 32. Kf2 Rdb8 33. Ke3 bxc3 34. bxc3 Rb1 35. Rxb1 Rxb1 36. Kf4 Rh1 37. Kg3 Rc1 38. Rc2 Rb1 39. Kf4 Kg7 40. Rf2 Kf6 41. g4 Rh1 42. g5+ Ke7 1/2-1/2

[Event "European Blitz-ch 2018"]
[Site "Skopje"]
[Date "2018.12.07"]
[Round "21"]
[White "Robulj, Nenad"]
[Black "Kuljasevic, Davorin"]
[Result "0-1"]
[WhiteElo "2286"]
[BlackElo "2556"]
[Annotator "TA"]
[PlyCount "50"]
[EventDate "2018.12.06"]
[EventType "swiss"]
[EventCountry "MKD"]

1. e4 e5 2. Bc4 Nf6 3. d3 Nc6 4. Nf3 Be7 5. O-O O-O 6. c3 d6 7. h3 Na5 8. Bb5 a6 9. Ba4 b5 10. Bc2 c5 11. Nbd2 Nc6 12. Re1 Re8 13. Nf1 h6 14. Ng3 Be6 15. Nh2 d5 16. Qf3 d4 17. Ng4 Nxg4 18. hxg4 Bg5 19. Nf5 Bxc1 20. Raxc1 Qg5 21. cxd4 Nxd4 22. Qe3 Red8 23. Bd1 Bxf5 24. gxf5 Rac8 25. Qh3 Qxc1 0-1

[Event "European Blitz-ch 2018"]
[Site "Skopje"]
[Date "2018.12.07"]
[Round "22"]
[White "Artemiev, Vladislav"]
[Black "Cheparinov, Ivan"]
[Result "1/2-1/2"]
[WhiteElo "2709"]
[BlackElo "2709"]
[Annotator "TA"]
[PlyCount "28"]
[EventDate "2018.12.06"]
[EventType "swiss"]
[EventCountry "MKD"]

1. Nf3 d5 2. g3 g6 3. Bg2 Bg7 4. d4 Nf6 5. O-O O-O 6. c3 b6 7. a4 Bb7 8. a5 c5 9. Bf4 Nbd7 10. Ne5 Nxe5 11. Bxe5 e6 12. Nd2 Nd7 13. Bxg7 Kxg7 14. axb6 axb6 1/2-1/2

[Event "European Blitz-ch 2018"]
[Site "Skopje"]
[Date "2018.12.07"]
[Round "22"]
[White "Mamedov, Rauf"]
[Black "Demidov, Mikhail"]
[Result "1-0"]
[WhiteElo "2703"]
[BlackElo "2520"]
[Annotator "TA"]
[PlyCount "74"]
[EventDate "2018.12.06"]
[EventType "swiss"]
[EventCountry "MKD"]

1. e4 e6 2. d4 d5 3. Nd2 dxe4 4. Nxe4 Bd7 5. Nf3 Bc6 6. Ned2 Nd7 7. Bd3 Ngf6 8. Qe2 Be7 9. c4 O-O 10. O-O b6 11. b3 Bb7 12. Bb2 c5 13. Rad1 cxd4 14. Nxd4 Re8 15. N2f3 Nf8 16. Bb1 Qc7 17. Nb5 Qc6 18. Qe5 Rec8 19. Qg3 Ng6 20. Ne5 Nxe5 21. Bxe5 Rd8 22. Rxd8+ Rxd8 23. Nxa7 Qc5 24. Nb5 Bc6 25. a4 Nh5 26. Qc3 f6 27. Bg3 Nxg3 28. hxg3 Qb4 29. Qe3 Qc5 30. Qxe6+ Kh8 31. Qh3 f5 32. Bxf5 h6 33. Qg4 Be8 34. Re1 Rd2 35. Qf3 Bc6 36. Be4 Be8 37. Bd5 Bxb5 1-0

[Event "European Blitz-ch 2018"]
[Site "Skopje"]
[Date "2018.12.07"]
[Round "22"]
[White "Saric, Ivan"]
[Black "Navara, David"]
[Result "0-1"]
[WhiteElo "2695"]
[BlackElo "2736"]
[Annotator "TA"]
[PlyCount "48"]
[EventDate "2018.12.06"]
[EventType "swiss"]
[EventCountry "MKD"]

1. e4 c6 2. d4 d5 3. e5 Bf5 4. Nf3 e6 5. Be2 Ne7 6. O-O c5 7. c4 Nbc6 8. dxc5 d4 9. Qb3 Qd7 10. Rd1 Ng6 11. Nc3 Bxc5 12. Na4 Be7 13. Be3 Na5 14. Rxd4 Nxb3 15. Rxd7 Nxa1 16. Rxb7 Nc2 17. Bxa7 Be4 18. Rb8+ Rxb8 19. Bxb8 Kd7 20. Ba7 Bxf3 21. Bxf3 Nxe5 22. Be4 Nb4 23. a3 Nbc6 24. Be3 Nxc4 0-1

[Event "European Blitz-ch 2018"]
[Site "Skopje"]
[Date "2018.12.07"]
[Round "22"]
[White "Demchenko, Anton"]
[Black "Jenni, Florian"]
[Result "1-0"]
[WhiteElo "2679"]
[BlackElo "2454"]
[Annotator "TA"]
[PlyCount "47"]
[EventDate "2018.12.06"]
[EventType "swiss"]
[EventCountry "MKD"]

1. e4 e5 2. Nf3 Nc6 3. Bc4 Nf6 4. d3 h6 5. O-O g6 6. Re1 Bg7 7. d4 Qe7 8. dxe5 Nxe5 9. Nxe5 Qxe5 10. Nc3 d6 11. Nd5 Ng4 12. Bf4 Qd4 13. Qe2 Qc5 14. b4 Qxf2+ 15. Qxf2 Nxf2 16. Nxc7+ Kd8 17. Nxa8 Bxa1 18. Kxf2 Bd4+ 19. Kf3 h5 20. h3 Bc3 21. Rd1 Bxb4 22. Bxd6 Bxd6 23. Rxd6+ Ke7 24. Rd4 1-0

[Event "European Blitz-ch 2018"]
[Site "Skopje"]
[Date "2018.12.07"]
[Round "22"]
[White "Salgado Lopez, Ivan"]
[Black "Milanovic, Danilo"]
[Result "1/2-1/2"]
[WhiteElo "2629"]
[BlackElo "2494"]
[Annotator "TA"]
[PlyCount "162"]
[EventDate "2018.12.06"]
[EventType "swiss"]
[EventCountry "MKD"]

1. e4 d5 2. exd5 Qxd5 3. Nc3 Qd6 4. d4 Nf6 5. Nf3 c6 6. Be2 h6 7. Ne5 Bf5 8. Bf4 Qd8 9. O-O e6 10. Bf3 Be7 11. Re1 O-O 12. Ne2 Nbd7 13. Ng3 Bh7 14. c3 Nd5 15. Bd2 Nxe5 16. Rxe5 Qc7 17. Re1 Rfd8 18. Be4 c5 19. Bxh7+ Kxh7 20. Qf3 Nf6 21. Be3 Rd7 22. Ne4 Nxe4 23. Qxe4+ Kg8 24. g3 Rad8 25. Rad1 Bf6 26. Rd2 cxd4 27. cxd4 Rd5 28. Red1 Qa5 29. a3 Qa4 30. Qc2 Qd7 31. h4 Rc8 32. Qe4 Rc4 33. Qg4 h5 34. Qe2 Rc6 35. Qf3 Qd8 36. Kg2 Rcd6 37. Rc2 Qd7 38. Rdc1 Bd8 39. Rc8 Kh7 40. Bf4 Rc6 41. R8xc6 bxc6 42. Be5 g6 43. Rc4 f6 44. Bf4 Bb6 45. Be3 Kg7 46. Qf4 Kg8 47. Qh6 Qg7 48. Qxg7+ Kxg7 49. Rxc6 Kf7 50. Rc4 Ke7 51. Kf3 Kd7 52. Ke2 Rb5 53. b4 Rd5 54. a4 a6 55. Kd3 Ba7 56. Rc2 Bb6 57. Kc4 Kc6 58. Rb2 Rd7 59. b5+ axb5+ 60. axb5+ Kb7 61. Kd3 Rd5 62. Kc4 Rd7 63. Rb3 Rc7+ 64. Kd3 Rd7 65. Rc3 e5 66. Rc4 Rd5 67. Ke4 Rxb5 68. dxe5 Rxe5+ 69. Kf3 Bxe3 70. fxe3 Ra5 71. g4 hxg4+ 72. Rxg4 g5 73. h5 Kc6 74. Rd4 Ra1 75. Kg4 Rh1 76. e4 Rh4+ 77. Kf5 Rxh5 78. Kxf6 g4 79. e5 g3 80. Rg4 Kd5 81. Rxg3 Rxe5 1/2-1/2

[Event "European Blitz-ch 2018"]
[Site "Skopje"]
[Date "2018.12.07"]
[Round "22"]
[White "Van Foreest, Jorden"]
[Black "Esipenko, Andrey"]
[Result "0-1"]
[WhiteElo "2614"]
[BlackElo "2593"]
[Annotator "TA"]
[PlyCount "104"]
[EventDate "2018.12.06"]
[EventType "swiss"]
[EventCountry "MKD"]

1. e4 c6 2. d4 d5 3. e5 Bf5 4. Nf3 e6 5. Be2 c5 6. O-O Nc6 7. c3 cxd4 8. Nxd4 Nge7 9. f4 Bg6 10. Be3 Nf5 11. Nxf5 Bxf5 12. Nd2 h6 13. Nf3 Be7 14. Bd3 Bxd3 15. Qxd3 g6 16. Rad1 Qa5 17. b4 Qc7 18. a3 a5 19. Nd4 Nxd4 20. Bxd4 axb4 21. axb4 O-O 22. Qh3 Kh7 23. g4 Qc4 24. f5 Bg5 25. Qf3 Kg7 26. Bc5 Rg8 27. Rd4 Qa6 28. f6+ Kh7 29. Qg3 Qe2 30. Rd3 Ra2 31. Bf2 Bh4 32. Qf3 Bxf2+ 33. Rxf2 Qxf2+ 34. Qxf2 Rxf2 35. Kxf2 Rc8 36. Ke2 g5 37. Kd2 Kg6 38. h3 h5 39. Rd4 b5 40. Kc2 Ra8 41. Kb2 hxg4 42. hxg4 Rh8 43. Rd2 Rh4 44. Rg2 Rh3 45. Re2 Rg3 46. Kc2 Rxg4 47. Kd3 Kf5 48. Re1 Rf4 49. Re2 g4 50. Re1 Re4 51. Rxe4 dxe4+ 52. Ke3 Kxe5 0-1